Statystyki dla Kto Wtedy Wybiegł Na Boisko Finał ME 2016 Portugalia-Francja

Kliknij tutaj aby rozwiązać quiz!

Ogólne statystyki

  • Ten quiz został rozwiązany 128 razy
  • Średni wynik to 7 z 11

Statystyki odpowiedzi

PozycjaZawodnik% Poprawnych
BramkarzLloris
96%
ŚPPogba
89%
CNGriezmann
88%
NGiroud
86%
ŚOUmtiti
61%
LPPayet
60%
ŚPMatuidi
54%
ŚOKoscielny
49%
LOEvra
46%
PPSissoko
28%
POSagna
26%

Rozkład punktacji

Percentyl według liczby udzielonych odpowiedzi

Procent ludzi z każdym wynikiem

Twoja historia wyników

Nie rozwiązałeś tego quizu